Ο Ρόλος του Τμήματος Ανθρώπινου Δυναμικού στην Σύγχρονη Επιχείρηση και η Συμβολή του στην Ανάπτυξη της. (Record no. 8646)
[ view plain ]
| 000 -LEADER | |
|---|---|
| fixed length control field | 02044cam a22001934a 4500 |
| 005 - ΗΜΕΡΟΜΗΝΙΑ ΚΑΙ ΩΡΑ ΤΕΛΕΥΤΑΙΑΣ ΕΝΗΜΕΡΩΣΗΣ | |
| Πεδίο ελέγχου | 20250605164342.0 |
| 008 - FIXED-LENGTH DATA ELEMENTS--GENERAL INFORMATION | |
| Πεδίο ελέγχου σταθερού μήκους | 250528s ||||||||||||||||||||||||d |
| 035 ## - SYSTEM CONTROL NUMBER | |
| System control number | 23649 |
| 040 ## - ΠΗΓΗ ΚΑΤΑΛΟΓΟΓΡΑΦΗΣΗΣ | |
| Φορέας πρωτότυπης καταλογογράφησης | MC Athens Campus Library |
| Γλώσσα καταλογογράφησης | Ελληνικά, Μοντέρνα (1453-) |
| Modifying agency | MC Athens Campus Library |
| Κανόνες περιγραφικής καταλογογράφησης | AACR2 |
| 245 1# - ΤΙΤΛΟΣ ΚΑΙ ΔΗΛΩΣΗ ΥΠΕΥΘΥΝΟΤΗΤΑΣ | |
| Τίτλος | Ο Ρόλος του Τμήματος Ανθρώπινου Δυναμικού στην Σύγχρονη Επιχείρηση και η Συμβολή του στην Ανάπτυξη της. |
| 260 ## - PUBLICATION, DISTRIBUTION, ETC. | |
| Date of publication, distribution, etc. | 2011 |
| 300 ## - PHYSICAL DESCRIPTION | |
| Extent | 41 |
| 520 ## - SUMMARY, ETC. | |
| Summary, etc. | Πρόλογος, Η επιστήμη της Διοίκησης των Ανθρώπινων Πόρων, Ανάλυση της Έννοιας Διοίκησης Ανθρώπινου Δυναμικού, Στόχοι της Διοίκησης Ανθρωπίνων Πόρων, Ρόλος του Τμήματος Διοίκησης Ανθρωπίνων Πόρων, Ο Ρόλος των Ανθρωπίνων Πόρων στη Διαμόρφωση της Στρατηγικής, Ο Ρόλος των Ανθρωπίνων Πόρων στη Δημιουργεία Ανταγωνιστικού Πλεονεκτήματος, Εκπαίδευσης Ανθρώπινου Δυναμικού, Εκπαίδευση, Τομείς που Βελτιώνει η Εκπαίδευση, Στόχοι Έννοια και Οφέλη της Εκπαίδευσης και Ανάπτυξης, Η Αναγκαιότητα της Εκπαίδευσης του Ανθρώπινου Δυναμικού, Έννοια, Τα Πλεονεκτήματα της Ανάπτυξης του Ανθρώπιμου Δυναμικού, Οι Επιχειρήσεις στο Σύγχρονο Περιβάλλον, Η Έννοια των Κινητήρων ως Μέσο Υποκίνησης των Εργαζομένων, Coca Cola Ελληνική Εταιρία Εμφιαλώσεως Α.Ε, Συμπεράσματα, Βιβλιογράφια. |
| 700 1# - ΠΡΟΣΘΕΤΗ ΑΝΑΓΡΑΦΗ--ΦΥΣΙΚΟ ΠΡΟΣΩΠΟ | |
| Personal name | Σωτηρίου Γεωργία |
| 9 (RLIN) | 9243 |
| 700 1# - ΠΡΟΣΘΕΤΗ ΑΝΑΓΡΑΦΗ--ΦΥΣΙΚΟ ΠΡΟΣΩΠΟ | |
| Personal name | Τραπεζάρη Γεωργία |
| 9 (RLIN) | 9244 |
| 942 ## - ADDED ENTRY ELEMENTS (KOHA) | |
| Koha item type | Διπλωματική εργασία |
| Τύπος τεκμηρίου | Βιβλιοθήκη | Τρέχουσα τοποθεσία | Barcode | Ημερομηνία απόκτησης | Ταξιθετικό σύμβολο | Αριθμός αντιτύπου | Κατάσταση απόσυρσης | Κατάσταση χαμένου | Κατάσταση κατεστραμμένου | Μη δανεισμός | Σύνολο δανεισμών | Ημερομηνία τελευταίας εμφάνισης | Η τιμή ισχύει από |
|---|---|---|---|---|---|---|---|---|---|---|---|---|---|
| Διπλωματική εργασία | MC Athens Campus Library | MC Athens Campus Library | 9780000086457 | 05/06/2025 | BUS 2011 (9) | 1 | 05/06/2025 | 05/06/2025 |